000 00594nam a22002297a 4500
003 UA-OsUOA
001 95626
007 ta
008 20130305b un ||||| |||| 00| 0 ukr d
100 _aКолосова Н.
090 _a7.071.1
_bК61
942 _cBK
040 _aUA-OsUOA
_brus
_cUA-OsUOA
_dUA-OsUOA
245 _aЗдравствуй, музыка!
300 _a173 с.
955 _a4
041 _arus
080 _a7.071.1
260 _aМ.
_bМолодая гвардия
_c1969
650 7 _a7.0 Загальні питання мистецтва
_2UDC
999 _c381876
_d381876